Taylor Swift - Devine la chanson sans indices #86 - Statistiques

Statistiques générales
  • Ce quiz a été pris 156 fois
  • Le résultat moyen est 360 sur 500
Statistiques - réponses
Réponse % Correct
I
100%
a
99%
(ah)
99%
You
98%
you,
98%
you
98%
(you
98%
whisper in the hallway, "She's a bad, bad girl" She's a bad, bad girl
96%
me
94%
me,
94%
the
94%
The
94%
And
93%
and
93%
it
91%
be
89%
my
89%
My
89%
Oh,
89%
To
87%
to
87%
we
87%
in
86%
It's
86%
like
86%
(like
86%
Who
86%
That
85%
I'm
84%
is
84%
bad,
82%
bad
82%
No
82%
where
82%
girl"
81%
They
81%
American
80%
Prince
80%
was
80%
with
80%
for
79%
know
79%
know)
79%
Miss
79%
there,
79%
there
79%
win
79%
(win),
79%
(win)
79%
been
78%
this
78%
this)
78%
We're
78%
we're
78%
world
78%
are
77%
Heartbreak
77%
"She's
77%
then,
76%
whisper
76%
but
75%
(go),
75%
(go)
75%
so
75%
that's
75%
whole
75%
coming,
74%
don't
74%
time
74%
Americana
73%
long
73%
play
73%
see
73%
stupid
73%
hallway,
72%
nothing
71%
games,
70%
'Cause
67%
'cause
67%
adore
65%
at
65%
blue
65%
blue)
65%
lost
65%
(okay)
64%
town
64%
want
64%
16,
63%
away
63%
paint
63%
(paint
63%
there's
63%
crazier
62%
school
62%
should
62%
scene
61%
dice
60%
I'll
60%
Now
60%
now
60%
prizes
60%
run
59%
life
58%
rolling
58%
film
57%
men?
57%
wanna
56%
fake
55%
home
55%
gonna
54%
before
53%
glory
53%
one
53%
Than
53%
never
52%
up
52%
just
51%
will
51%
days,
50%
really
50%
sad,
50%
dress
49%
think
49%
most
48%
prom
48%
counted
47%
miles
47%
only
47%
team
47%
losing,
46%
queens,
46%
Waving
46%
care
45%
likely
45%
scared
45%
nobody's
43%
come
42%
Darling,
42%
feeling
42%
(fight)
42%
guys
42%
lights
42%
ran
42%
seems
42%
smile
42%
Boys
41%
boys
41%
head
41%
homecoming
40%
Voted
40%
wise
40%
faded
39%
let
39%
storm
39%
playing
38%
cameras
37%
high
36%
hopeless,
36%
saw
36%
bruising
35%
between
34%
ripped
34%
someday
34%
stories
34%
catch
33%
band
31%
depressed
31%
Leave
31%
thought
31%
cries
30%
pageant
30%
fives
29%
marching
28%
Running
28%
damsels
26%
muffled
26%
battered
25%
burning
24%
helpless,
24%
rose
24%
through
24%
hung,
21%
scoreboard
21%
thorns,
21%
Aucun quiz correspondant
Distribution des résultats
% des personnes avec chaque résultat
Percentile par nombre de réponses
Votre historique - résultats
Vous n’avez pas pris ce quiz